000 01585nam a2200397 i 4500
003 CO-BoRNBP
005 20220317000411.0
007 ta
008 201119s2012 ck 0 ser s spa
020 _a9789587108484
040 _aCO-BoRNBP
_bspa
_erda
_cCO-BoRNBP
041 0 _aspa
043 _as-ck---
082 0 4 _a344.02
_bB27p
_222
082 0 4 _a344.01
_bP76
100 1 _aBermúdez Alarcón, Katerine
_eautora
245 1 0 _aProgresividad en asuntos de seguridad social y laborales
_baproximación a la doctrina y la jurisprudencia constitucional
_cinvestigadores Katerine Bermúdez Alarcón [y otros cuatro]
250 _aPrimera edición
264 1 _aBogotá, Colombia
_bUniversidad Externado de Colombia
_c2012
300 _a339 páginas
_c21 cm
336 _atexto
_btxt
_2rdacontent
337 _asin mediación
_bn
_2rdamedia
338 _avolumen
_bnc
_2rdacarrier
490 0 _aSerie de investigaciones en derecho laboral
_v5
504 _aIncluye referencias bibliográficas a final del texto
521 _aRecomendado para público adulto
650 1 7 _aDerecho laboral
_zColombia
_2LEMB
650 1 7 _aSeguridad social
_xAspectos jurídicos
_zColombia
_2LEMB
650 1 7 _aDerecho a la salud
_xAspectos jurídicos
_zColombia
_2LEMB
650 1 7 _aPensiones
_xLegislación
_zColombia
_2LEMB
700 1 _aDíaz Franco, Rosana Mercedes
_eautora
_9201035
700 1 _aEncinales Ayarza, Juan Sebastián
_eautor
_9201036
700 1 _aGómez Calderón, Laura Andrea
_eautora
_9201037
700 1 _aSánchez Pacheco, Fabio Ernesto
_eautor
_9201038
942 _2ddc
_cBK
999 _c3935
_d3935